Quiz sur la Bretagne - Statistiques

Statistiques générales
  • Ce quiz a été pris 180 fois
  • Le résultat moyen est 10 sur 15
Statistiques - réponses
Questions Réponses % Correct
Quel est la 2e ville la plus peuplé ? Brest
99%
Quel est la population (au million près) ? 3,4 millions
98%
Combien y-a t'il de département ? 4
98%
Cite une région française frontalière de la région Normandie | Pays-de-la-Loire
97%
Quel est la capitale de la Bretagne ? Rennes
97%
Quel est le nom de la forêt mythique et enchantée citée dans les légendes arthuriennes ? Brocéliande
78%
Quel départements considéré comme breton ne fait pas partie de la région administrative de Bretagne ? Loire-Atlantique
77%
Quelle commune est connue pour ses alignements de 2 934 menhirs ? Carnac
73%
Quel célèbre festival de musique se déroule à Carhaix ? les Vieilles Charrues
63%
Quelle île bretonne est la plus grande de France métropolitaine non rattaché par un pont ? Belle-Île-en-Mer
54%
Quel batiment, doublement inscrit à l’UNESCO, est situé en Normandie mais est revendiqué par les bretons ? Abbaye du Mont-Saint-Michel
43%
Quel cap rocheux à la pointe du Finistère est l’un des plus occidentaux de France ? Pointe du Raz / Pointe du Corsen
42%
Quel célèbre explorateur malouin a été le premier à explorer la Canada via le fleuve Saint-Laurent ? Jacques Cartier
31%
En quelle année la Bretagne a officiellement été rattaché au royaume de France (à 10 ans près) ? 1532
27%
Quel écrivain français, auteur des "Mémoires d’outre-tombe", est né à Saint-Malo ? François-René de Chateaubriand
14%
Aucun quiz correspondant
Distribution des résultats
% des personnes avec chaque résultat
Percentile par nombre de réponses
Votre historique - résultats
Vous n’avez pas pris ce quiz